|
000
|
01054nam0 2200277 45
|
|
001
|
012014000000
|
|
005
|
20140606121212.0
|
|
010
|
|
@a978-7-122-18157-2@dCNY36.00
|
|
100
|
|
@a20140606d2014 em y0chiy50 ea
|
|
101
|
0
|
@achi
|
|
102
|
|
@aCN@b110000
|
|
105
|
|
@ay z 000yy
|
|
106
|
|
@ar
|
|
200
|
1
|
@a园林工程造价与招投标@Ayuan lin gong cheng zao jia yu zhao tou biao@f史静宇主编
|
|
210
|
|
@a北京@c化学工业出版社@d2014
|
|
215
|
|
@a325页@d21cm
|
|
225
|
2
|
@a园林工程施工与管理丛书@Ayuan lin gong cheng shi gong yu guan li cong shu
|
|
330
|
|
@a本书包括园林工程造价与招投标概述、园林工程工程量清单计价与编制、园林工程定额与定额计价、园林工程工程量计算、园林工程施工招标、园林工程施工投标、园林工程施工资料与施工合同7章内容。
|
|
410
|
0
|
@12001 @a园林工程施工与管理丛书
|
|
606
|
0
|
@a园林@Ayuan lin@x工程造价
|
|
606
|
0
|
@a园林@Ayuan lin@x工程施工@x招标
|
|
606
|
0
|
@a园林@Ayuan lin@x工程施工@x投标
|
|
690
|
|
@aTU986@v5
|
|
701
|
0
|
@a史静宇@Ashi jing yu@4主编
|
|
801
|
0
|
@aCN@bCDNYKJZYXY@c20140606
|
|
905
|
|
@aCDNYKJZYXY@dTU986@e618@f3
|
|
|
|
|
| |
| 园林工程造价与招投标/史静宇主编.-北京:化学工业出版社,2014 |
| 325页;21cm.-(园林工程施工与管理丛书) |
| |
| |
| ISBN 978-7-122-18157-2:CNY36.00 |
| 本书包括园林工程造价与招投标概述、园林工程工程量清单计价与编制、园林工程定额与定额计价、园林工程工程量计算、园林工程施工招标、园林工程施工投标、园林工程施工资料与施工合同7章内容。 |
| ● |
正题名:园林工程造价与招投标
索取号:TU986/618
 
预约/预借
| 序号
|
登录号
|
条形码
|
馆藏地/架位号
|
状态
|
备注
|
|
1
|
467848
|
300467848
|
柳城-5楼/45架14列5层/
[索取号:TU986/618]
|
在馆
|
|
|
2
|
467849
|
300467849
|
柳城-5楼/45架14列5层/
[索取号:TU986/618]
|
在馆
|
|
|
3
|
467850
|
300467850
|
柳城-5楼/45架14列5层/
[索取号:TU986/618]
|
在馆
|
|